01850cam a2200313 a 45000010008000000030006000080050017000140080041000310150019000720160018000910200018001090350017001270400049001440410008001930500026002011000034002272450110002612500020003712600039003913000030004305000024004605040064004845200784005486300038013326500045013709420008014159520098014239990015015216114373CaAEU20260515113127.0121121s2013 enk e b 001 0 eng  aGBB2A99392bnb7 a0161999282Uk a9781781958179 aocn828722485 aAU@bengcAU@dOCLCOdCDXdUKMGBdYDXCPdAEU aeng 4aHD 2755.5b.F695 2013 aForsgren, Mats921291eauthor10aTheories of the multinational firmb: a multidimensional creature in the global economyc/ Mats Forsgren. aSecond edition. aCheltenham :bEdward Elgar,c2013. aviii, 203 pages ;c22 cm. aPrevious ed.: 2008. aIncludes bibliographical references (p. 182-188) and index. aThis expanded and updated edition of a successful textbook will be required reading for both undergraduate and postgraduate students of international business, international management and international economy courses. The current debate about the multinational firm as an actor in the global economy is intense and many-sided. This thoroughly accessible and compact textbook presents, analyses and compares six different theories of the multinational firm that have dominated the research in international business during the last four decades. The author discloses the basic building blocks and assumptions behind each theory so the reader can reach a better understanding of why the multinational firm is looked upon in so many different ways by researchers and stakeholders. 0aMSc International Business926977 0aInternational business enterprises94692 2lcc 00102lcc4070aTBSbTBSc26d2019-03-21l0oHD2755.5 FORpB01417r2020-01-23w2023-03-05y1 c1643d1643